| 000 | 00883nam a2200229Ia 4500 | ||
|---|---|---|---|
| 003 | OSt | ||
| 005 | 20250908162244.0 | ||
| 008 | 220922b |||||||| |||| 00| 0 hin d | ||
| 020 | _a9789389982718 (hbk) | ||
| 037 | _cTB | ||
| 040 |
_aARTS _cARTS _bhin |
||
| 041 |
_2hin _ahin |
||
| 084 |
_aV2y7M69 152R0 _qAL |
||
| 100 |
_aपार्थेश्वर, आशुतोष, संपा. _9160954 |
||
| 245 | 0 | _aचंपारन आंदोलन 1917 | |
| 246 | _aChanpāran āandolan 1917 | ||
| 260 |
_aदिल्ली _b प्रभात प्रकाशन _c2020 |
||
| 300 |
_a296पृ. _ccm. |
||
| 650 |
_aभारत-इतिहास _9156353 |
||
| 942 |
_hV2y7M69 152R0 _cTB _2CC _n0 |
||
| 999 |
_c301278 _d301278 |
||